000 03688cam a2200733 c 4500
001 1886163553
003 DE-627
005 20250915125358.0
007 tu
008 240417s2024 gw ||||| 00| ||ger c
015 _a24,N16
_2dnb
016 7 _a1325842184
_2DE-101
020 _a9783534610129
_9978-3-534-61012-9
020 _a3534610121
_93-534-61012-1
024 3 _a9783534610129
035 _a(DE-627)1886163553
035 _a(DE-599)DNB1325842184
035 _a(OCoLC)1430354712
040 _aDE-627
_bger
_cDE-627
041 _ager
044 _cXA-DE-BW
084 _qDE-208
084 _qDE-208
100 1 _aUhl, Matthias
_d1970-
_eVerfasserIn
_0(DE-588)12171425X
_0(DE-627)546761720
_0(DE-576)292845081
_4aut
_966903
245 1 0 _aGRU
_bdie unbekannte Geschichte des sowjetisch-russischen Militärgeheimdienstes von 1918 bis heute
_cMatthias Uhl
264 1 _aFreiburg im Breisgau
_bwbg Theiss
_c[2024]
264 4 _c© 2024
300 _a750 Seiten
_bIllustrationen
336 _aText
_btxt
_2rdacontent
337 _aohne Hilfsmittel zu benutzen
_bn
_2rdamedia
338 _aBand
_bnc
_2rdacarrier
500 _aQuellen- und Literaturverzeichnis: Seite 642-678
500 _aEnthält ein Personenregister
520 _aDas Buch stellt erstmals für einen breiten Leserkreis die Geschichte der GRU von ihrer Gründung 1918 bis heute dar. Matthias Uhl kann dabei auf Dokumente aus dem legendären Archiv des Militärgeheimdienstes zurückgreifen. Zudem lüftet er die Identität des GRU-Agenten "Murat", der Moskau in den 1950er und 1960er Jahren Hunderte streng geheime Unterlagen aus dem NATO-Hauptquartier geliefert hat. Und er beleuchtet Operationen und Spionageaktionen während des Kalten Krieges und des heutigen Russland – bis hin zu Mordanschlägen in Westeuropa sowie zum Einsatz der GRU bei der Besetzung der Krim und im Ukraine-Krieg.​
583 1 _aArchivierung/Langzeitarchivierung gewährleistet
_fPEBW
_2pdager
_5DE-31
610 _aSowjetunion. Glavnoe Razvedyvatelʹnoe Upravlenie
_96581
610 _aRussland. Glavnoe razvedyvatelʹnoe upravlenie
_966905
610 _aRussland. Glavnoe upravlenie General’nogo štaba Vooružënnych sil
_966906
648 _a1918-2023
_966904
651 _aSowjetunion
651 _aRussland
776 1 _z9783534610389
_cEPUB
776 1 _z9783534610426
_cPDF
776 0 8 _iErscheint auch als
_nOnline-Ausgabe
_aUhl, Matthias, 1970 -
_tGRU
_dFreiburg im Breisgau : wbg Theiss, 2024
_h1 Online-Ressource (750 Seiten)
_w(DE-627)1904095844
_z9783534610426
856 4 2 _uhttps://portal.dnb.de/opac/mvb/cover?isbn=978-3-534-61012-9
_mX:MVB
_qimage/jpg
_v2024-10-18
_3Cover
856 4 2 _uhttp://deposit.dnb.de/cgi-bin/dokserv?id=53206adbfbc445028fdd57d491f72722&prov=M&dok_var=1&dok_ext=htm
_mX:MVB
_qtext/html
_3Inhaltstext
856 4 2 _uhttps://d-nb.info/1325842184/04
_mB:DE-101
_qapplication/pdf
_3Inhaltsverzeichnis
856 4 2 _uhttps://media.herder.de/leseprobe/978-3-534-61012-9/index.html
_mX:Herder
_v2024-10-18
_yLeseprobe
_zVerlag
_3Inhaltsverzeichnis
856 4 2 _uhttps://www.hsozkult.de/publicationreview/id/reb-152254
_mHSK
_qtext/html
_v2025-05-20
_zH-Soz-Kult
_3Rezension
936 r v _aMG 85950
936 r v _aNQ 8297
936 b k _a15.74
936 f i _aRA07.21
936 f i _aSC06.01
936 f i _aSF02
942 _2z
_cMG
999 _c72827
_d72827